000 00622nam a2200217 i 4500
001 bg
100 1 _aDOBRZYŃSKI, Sławomir
245 1 0 _aMateriałoznawstwo szklarskie i ceramiczne /
_cSławomir Dobrzyński, Witlod Żołędziowski.
250 _aWyd. 2.
260 _aWarszawa :
_bWydawnictwa Szkolne i Pedagogiczne,
_c1981.
650 9 _aCeramika
650 9 _aSzkło
650 9 _aMateriałoznawstwo
655 _aPodręczniki szkolne
700 1 _aŻOŁĘDZIOWSKI, Witold
040 _cBPK
041 0 _apol
080 _a666.1/.7:620.2](075.3)
942 _cKS
008 s pl f |000 0 pol
999 _c7775
_d7775
856 _uhttp://koha.tu.koszalin.pl/cgi-bin/koha/opac-detail.pl?biblionumber=7775
_yKatalog online BPK